Statistics for Countries With Most Urban Areas Over 1 Million

Click here to take the quiz!

General Stats

  • This quiz has been taken 67 times
  • The average score is 12 of 13

Answer Stats

AreasAnswer% Correct
43USA
100%
101China
98%
59India
98%
27Brazil
95%
15Russia
95%
14Indonesia
95%
13Mexico
95%
9Pakistan
95%
9Japan
92%
7Germany
92%
11Nigeria
90%
7Iran
79%
7Turkey
77%

Score Distribution

Percentile by Number Answered

Percent of People with Each Score

Your Score History

You have not taken this quiz